Premier League 2024/25 in order. - Statistics

General Stats
  • This quiz has been taken 22 times
  • The average score is 16 of 20
Answer Stats
Place Club % Correct
2 Arsenal
100%
4 Chelsea
100%
1 Liverpool
100%
3 Manchester City
100%
6 Aston Villa
94%
15 Manchester United
89%
5 Newcastle United
89%
17 Tottenham
89%
18 Leicester City
78%
20 Southampton
78%
10 Brentford
72%
8 Brighton
72%
12 Crystal Palace
72%
19 Ipswich Town
72%
7 Nottingham Forest
72%
9 Bournemouth
67%
11 Fulham
67%
14 West Ham United
67%
16 Wolves
67%
13 Everton
61%
No matching quizzes found
Score Distribution
Percent of People with Each Score
Percentile by Number Answered
Your Score History
You have not taken this quiz